ბათუმის შოთა რუსთაველის სახელმწიფო უნივერსიტეტის ბიბლიოთეკა

ესთეტიკური თეორია / (ბიბ.ჩანაწერი № 58634)

000 -ლიდერი
ფიქსირებული სიგრძის საკონტროლო ველი 01530nam a22002417a 4500
003 - საკონტროლო ნომრის იდენტიფიკატორი
საკონტროლო ველი Ge_BSU
005 - ბოლო ოპერაციის თარიღი და დრო
საკონტროლო ველი 20220621112926.0
008 - ფიქსირებული სიგრძის მონაცემთა ელემენტები - ზოგადი ინფორმაცია
ფიქსირებული სიგრძის საკონტროლო ველი 220621s2019 ge ||||| |||| 00| 0 geo d
020 ## - წიგნის საერთაშორისო სტანდარტული ნომერი
International Standard Book Number 9789941823947
041 ## - ენის კოდი
Language code of text/sound track or separate title geo
080 ## - უნივერსალური ათობითი კლასიფიკაციის ინდექსი
Universal Decimal Classification number 7.01 ა-28
100 ## - მთავარი ჩანაწერი - პიროვნების სახელი
Personal name ადორნო, თეოდორ ვ.
9 (RLIN) 14159
245 ## - ცნობა სათაურის შესახებ
Title ესთეტიკური თეორია /
Statement of responsibility, etc თეოდორ ვ. ადორნო ; მთარგმნელი და ბოლოსიტყვაობის ავტორი დევი დუმბაძე ; რედაქტორი რუსუდან ასათიანი ; ყდის დიზაინი ანი ასათიანი.
250 ## - გამოცემის ცნობა
Edition statement I გამოცემა.
264 ## - წარმოების, გამოცემის, დისტრიბუციის და სხვა ცნობები
გამოცემის, წარმოების, დისტრიბუციის... ადგილი თბილისი :
გამოცემის, წარმოების, დისტრიბუციის... სახელწოდება სა. გა : დევი დუმბაძე,
გამოცემის, წარმოების, დისტრიბუციის... თარიღი 2019.
300 ## - ფიზიკური აღწერა
Extent 464 გვ. ;
Other physical details 23 სმ.
500 ## - ზოგადი შენიშვნა
General note მთარგმნელი წიგნს უძღვნის დედას, რუსუდან ასათიანს.
504 ## - BIBLIOGRAPHY, ETC. NOTE
Bibliography, etc ბიბლიოგრაფია ტექსტის შენიშვნებში.
653 ## - INDEX TERM--UNCONTROLLED
Uncontrolled term ესთეტიკური თეორია.
700 ## - ADDED ENTRY--PERSONAL NAME
Personal name დუმბაძე, დევი
Relator term მთარგმნელი, ბოლოსიტყვაობის ავტორი, გამომცემელი
9 (RLIN) 966
700 ## - ADDED ENTRY--PERSONAL NAME
Personal name ასათიანი, ანი
Relator term ყდის დიზაინერი
9 (RLIN) 14160
942 ## - ADDED ENTRY ELEMENTS (KOHA)
Source of classification or shelving scheme
Koha item type წიგნი
ეგზემპლარები
ჩამოწერის სტატუსი დაკარგული ეგზემპლარის სტატუსი კლასიფიკაციის წყარო ან თაროზე გაწყობის სქემა დაზიანების სტატუსი არ გაიცემა მუდმივი მდებარეობა (დაცვის ადგილი) ამჟამინდელი ადგილსამყოფელი თაროზე განთავსების ადგილი შეძენის თარიღი ღირებულება, შესყიდვის ნორმალური ფასი სრული შენახვის შიფრი შტრიხკოდი ბოლო ოპერაციის თარიღი ეგზემპლარის მიმდევრობითი ნომერი (კეტერი?) ფასის ძალაში შესვლის თარიღი ეგზემპლარის სახეობა საჯარო შენიშვნა
          ბათუმის შოთა რუსთაველის სახელმწიფო უნივერსიტეტის მთავარი ბიბლიოთეკა ბათუმის შოთა რუსთაველის სახელმწიფო უნივერსიტეტის მთავარი ბიბლიოთეკა წიგნსაცავი 2022-06-21 36.40 7.01 ა-28 62755 2022-06-21 62755 2022-06-21 წიგნი 36 ლ. 40 თ.
          ბათუმის შოთა რუსთაველის სახელმწიფო უნივერსიტეტის მთავარი ბიბლიოთეკა ბათუმის შოთა რუსთაველის სახელმწიფო უნივერსიტეტის მთავარი ბიბლიოთეკა წიგნსაცავი 2022-06-21 36.40 7.01 ა-28 62756 2022-06-21 62756 2022-06-21 წიგნი 36 ლ. 40 თ.